000 00210nam a2200085Ia 4500
008 120527s9999 xx 000 0 und d
100 _aKENEDY and Madugula
245 _aClassical and matrix methods
942 _cBK
999 _c25617
_d25617